Normal view
MARC view
- Tehseen Akhtar
Entry Personal Name
001 - CONTROL NUMBER
- control field: 72835
003 - CONTROL NUMBER IDENTIFIER
- control field: NUST
005 - DATE AND TIME OF LATEST TRANSACTION
- control field: 20210628204924.0
008 - FIXED-LENGTH DATA ELEMENTS
- fixed length control field: 210628|| aca||aabn | a|a d
040 ## - CATALOGING SOURCE
- Original cataloging agency: NUST
- Transcribing agency: NUST
100 ## - HEADING--PERSONAL NAME
- Personal name: Tehseen Akhtar
670 ## - SOURCE DATA FOUND
- Source citation: Work cat.: (NUST): Tehseen Akhtar , TH-SOF-0795-MODELLING AND LQR BASED LINEARIZED CONTROL STRATEGY OF QUAD ROTOR AIRCRAFT, 2001
